LDR 00619naa#a2200193#i#450# 001 EN\\bibl\8333 005 20260501070213.5 011 ## _a2308-8877 100 ## _a20151210b2015####ek#y0engy0150####ca 101 0# _aRUS 102 ## _aRU 200 1# _aSimulation modeling of investment projects _eJournal article 210 1# _aVoronezh _cFSBE Institution of Higher Education Voronezh State University of Forestry and Technologies named after G.F. Morozov _d2015 215 ## _a4 с. 608 ## _aJournal article _2local 700 #1 _aKirik _gYuliya 700 #1 _aDanilchik _gEvgeniy 700 #1 _aPechko _gValeriya 856 4# _aanni.editorum.ru _u